5HLuxD.jpg

KING HENRY VIII SENIOR AND PRIMARY SCHOOL LIBRARY OPAC

Light / (Record no. 1882)

000 -LEADER
fixed length control field 01639cam a22003977i 4500
001 - CONTROL NUMBER
control field 19454423
003 - CONTROL NUMBER IDENTIFIER
control field OSt
005 - DATE AND TIME OF LATEST TRANSACTION
control field 20230214080926.0
008 - FIXED-LENGTH DATA ELEMENTS--GENERAL INFORMATION
fixed length control field 170117t20172018mnua b 001 0 eng d
010 ## - LIBRARY OF CONGRESS CONTROL NUMBER
LC control number 2017931239
020 ## - INTERNATIONAL STANDARD BOOK NUMBER
International Standard Book Number 9781532120527
Qualifying information (library binding)
035 ## - SYSTEM CONTROL NUMBER
System control number (OCoLC)ocn975846913
040 ## - CATALOGING SOURCE
Original cataloging agency YDX
Language of cataloging eng
Transcribing agency YDX
Description conventions rda
Modifying agency BTCTA
-- BDX
-- ON8
-- CHILD
-- OCLCF
-- DLC
-- KH8
042 ## - AUTHENTICATION CODE
Authentication code lccopycat
082 04 - DEWEY DECIMAL CLASSIFICATION NUMBER
Classification number 535 RIV
Edition number 23
100 1# - MAIN ENTRY--PERSONAL NAME
Personal name Rivera, Andrea,
Relator term author.
245 10 - TITLE STATEMENT
Title Light /
Statement of responsibility, etc. Andrea Rivera.
264 #1 - PRODUCTION, PUBLICATION, DISTRIBUTION, MANUFACTURE, AND COPYRIGHT NOTICE
Place of production, publication, distribution, manufacture Minneapolis, Minnesota :
Name of producer, publisher, distributor, manufacturer ABDO Zoom,
Date of production, publication, distribution, manufacture, or copyright notice [2017]
264 #4 - PRODUCTION, PUBLICATION, DISTRIBUTION, MANUFACTURE, AND COPYRIGHT NOTICE
Date of production, publication, distribution, manufacture, or copyright notice ©2018
300 ## - PHYSICAL DESCRIPTION
Extent 24 pages :
Other physical details color illustrations ;
Dimensions 21 cm
336 ## - CONTENT TYPE
Content type term text
Content type code txt
Source rdacontent
337 ## - MEDIA TYPE
Media type term unmediated
Media type code n
Source rdamedia
338 ## - CARRIER TYPE
Carrier type term volume
Carrier type code nc
Source rdacarrier
490 1# - SERIES STATEMENT
Series statement Zoom in on science concepts.
500 ## - GENERAL NOTE
General note Includes index.
505 0# - FORMATTED CONTENTS NOTE
Formatted contents note Science -- Technology -- Engineering -- Art -- Math -- Key stats -- Glossary -- Booklinks -- Index.
520 ## - SUMMARY, ETC.
Summary, etc. "Light is all around us. Learn how it is used in art, technology, and engineering. Five easy-to-read chapters explain the science behind light, as well as its real-world applications." --
Assigning source Publisher's website.
650 #0 - SUBJECT ADDED ENTRY--TOPICAL TERM
Topical term or geographic name entry element Light
Form subdivision Juvenile literature.
650 #7 - SUBJECT ADDED ENTRY--TOPICAL TERM
Topical term or geographic name entry element Light.
Source of heading or term fast
Authority record control number or standard number (OCoLC)fst00998476
650 #7 - SUBJECT ADDED ENTRY--TOPICAL TERM
Topical term or geographic name entry element Light.
Source of heading or term sears
655 #7 - INDEX TERM--GENRE/FORM
Genre/form data or focus term Juvenile works.
Source of term fast
Authority record control number or standard number (OCoLC)fst01411637
800 1# - SERIES ADDED ENTRY--PERSONAL NAME
Personal name Rivera, Andrea.
Title of a work Zoom in on science concepts.
906 ## - LOCAL DATA ELEMENT F, LDF (RLIN)
a 7
b cbc
c copycat
d 2
e ncip
f 20
g y-gencatlg
942 ## - ADDED ENTRY ELEMENTS (KOHA)
Source of classification or shelving scheme
Koha item type Books - Non Ficton
Holdings
Withdrawn status Lost status Source of classification or shelving scheme Damaged status Not for loan Collection code Permanent Location Current Location Shelving location Date acquired Total Checkouts Total Renewals Full call number Barcode Date last seen Date last checked out Price effective from Koha item type
          Non-Fiction KH8 Primary School Library KH8 Primary School Library Non Fiction 2023-02-14 12 1 535 RIV KHPL000003611 2025-12-05 2024-11-08 2023-02-14 Books - Non Ficton

Powered By KH8 IT Dept